01011nam a22002657a 450000100060000000300060000600500170001200800410002902000180007004000290008805000080011708200110012510000270013624500540016325000250021726000430024230000400028549000440032550500070036952002520037652100290062852100200065765000310067765000370070810145FISKH20260424135014.0260424b cb ||||| |||| 00| 0 eng d a9780462001197 aFISKHbengcFISKHdFISKH aPZ7 a599.53 aEdwards, SaraheAuthor aPeople and dolphins / cWritten by Sarah Edwards  aFirst published 2008 aLondon : bMarshall Cavendish , c2008 a16 pages : bphotographs ; c19 cm aMy Pals Are Here ! Reading Stars :v14c aJ  aThe book explains how people and dolphins interact. It describes dolphins, where they live, and how humans observe, care for, or learn from them. The text highlights the connection between humans and animals and encourages respect for marine life.8 a500 bLexile estimate 8 aJ bRaz-Plus  aDolphins vMarine animals aOcean vHuman-animal interaction